Los 7 pecados capitales - ¡Muerte súbita! - Estadísticas

Estadísticas generales
  • Esta prueba ha sido intentada 171 veces
  • La puntuación promedio es 6 de 7
Answers on the Grid
Answers color-coded by a green-red scale on the quiz's grid according to % correct below.
Deseo
Envidia
Ego
Hedonismo
Gula
Ambición
Ira
Celos
Indulgencia
Obsesión
Soberbia
Hostilidad
Pasividad
Desperdicio
Pereza
Resentimiento
Venganza
Impulsividad
Exceso
Lujuria
Narcisismo
Avaricia
Desconfianza
Sumisión
 
Estadísticas de respuestas
Respuesta % Correcto
Lujuria
91%
Gula
84%
Pereza
83%
Envidia
82%
Ira
80%
Avaricia
79%
Soberbia
71%
No se encontraron pruebas coincidentes
Distribución de puntuación
Porcentaje de gente con cada puntuación
Porcentaje por número respondido
Historial de tus puntuaciones
No has intentado esta prueba.